| 000 | 01409nam a2200349 i 4500 | ||
|---|---|---|---|
| 005 | 20220317001429.0 | ||
| 007 | ta | ||
| 008 | 210830r20142015ck ao br 000 0 spa d | ||
| 020 | _a9789587665253 | ||
| 040 |
_aCO-BoRNBP _bspa _erda _cCO-BoRNBP |
||
| 041 | 1 |
_aspa _heng |
|
| 082 | 0 | 4 |
_aR 036 _bB87e _223 |
| 100 | 1 |
_aButterfield, Moira _d1961- _eautora |
|
| 245 | 1 | 3 |
_aLa enciclopedia del saber _btodo el conocimiento en tus manos _cMoira Butterfield y Pat Jacobs ; traducción Andrea Moure ; edición Diana López de Mesa O. |
| 250 | _aPrimera edición | ||
| 264 | 1 |
_aBogotá _bPanamericana Editorial _c2014 _c2015 |
|
| 300 |
_a320 páginas _bilustraciones y fotografías a color _c29 cm |
||
| 336 |
_atexto _btxt _2rdacontent |
||
| 337 |
_asin mediación _bn _2rdamedia |
||
| 338 |
_avolumen _bnc _2rdacarrier |
||
| 500 | _aIncluye glosario e índice | ||
| 505 | _aEspacio -- Planeta tierra -- Animales -- Plantas -- Historia -- Gente y lugares -- Arte y cultura -- Cuerpo humano -- Ciencia -- Tecnología | ||
| 521 | _aRecomendado para un público infantil mayor de 9 años | ||
| 534 | _bKnow it all | ||
| 650 | 1 | 7 |
_aAnimales _vEnciclopedias _2LEMB |
| 650 | 1 | 7 |
_aPlantas _vEnciclopedias _2LEMB |
| 650 | 1 | 7 |
_aHistoria _vEnciclopedias _2LEMB |
| 700 | 1 |
_aJacobs, Pat _eautor _972605 |
|
| 700 | 1 |
_aMoure, Andrea _etraductora _993510 |
|
| 700 | 1 |
_aLópez de Mesa O., Diana _eeditora _9186100 |
|
| 942 |
_2ddc _cREF |
||
| 999 |
_c6958 _d6958 |
||